[Event "British Columbia op Online"]
[Site "chess.com"]
[Date "2021.02.21"]
[Round "5.9"]
[White "Hanrahan, Nigel"]
[Black "Yang, Henry"]
[Result "1-0"]
[WhiteElo "1606"]
[BlackElo "1444"]
[PlyCount "59"]
[EventDate "2021.02.20"]
[EventType "swiss (rapid)"]
[EventRounds "6"]
[EventCountry "CAN"]

1. c4 Nf6 2. Nc3 e6 3. e4 c5 4. e5 Ng8 5. Nf3 Nc6 6. d4 cxd4 7. Nxd4 Nxe5 8.
Ndb5 a6 9. Nd6+ Bxd6 10. Qxd6 Nc6 11. Be3 Nge7 12. Bd3 O-O 13. O-O Ng6 14. Bxg6
hxg6 15. Rfd1 Qe7 16. Qxe7 Nxe7 17. Bc5 Re8 18. Bxe7 Rxe7 19. Rd6 Rb8 20. c5 b5
21. cxb6 Bb7 22. a4 a5 23. Nb5 Bc6 24. Na7 Rxb6 25. Nc8 Rxb2 26. Nxe7+ Kf8 27.
Nxc6 Rb6 28. Rxd7 Rxc6 29. Ra7 Rc5 30. g3 1-0

[Event "British Columbia op Online"]
[Site "chess.com"]
[Date "2021.02.21"]
[Round "5.10"]
[White "Wang, Steven"]
[Black "Guliyev, Nadir"]
[Result "0-1"]
[WhiteElo "1333"]
[BlackElo "1538"]
[PlyCount "64"]
[EventDate "2021.02.20"]
[EventType "swiss (rapid)"]
[EventRounds "6"]
[EventCountry "CAN"]

1. e4 c6 2. Nf3 d5 3. Nc3 dxe4 4. Nxe4 Bf5 5. Qe2 Bxe4 6. Qxe4 Nf6 7. Qe2 e6 8.
d4 Bd6 9. Bd2 O-O 10. O-O-O a5 11. h4 Nd5 12. c4 Nb4 13. Kb1 Nd7 14. c5 Be7 15.
g4 b6 16. Be3 bxc5 17. dxc5 Qc7 18. Ng5 h6 19. Ne4 Ne5 20. g5 Kh7 21. gxh6 g6
22. f4 Nd7 23. Bd4 Nd5 24. Bg7 Nxf4 25. Qh2 Rfd8 26. Nd6 Nxc5 27. Qxf4 Bxd6 28.
Qf3 Bf4 29. Bg2 e5 30. Rhe1 Rxd1+ 31. Rxd1 Rd8 32. Qe3 Rxd1+ 0-1

[Event "British Columbia op Online"]
[Site "chess.com"]
[Date "2021.02.21"]
[Round "6.1"]
[White "Huang, Patrick"]
[Black "Wu, Jonathan"]
[Result "0-1"]
[WhiteElo "2160"]
[BlackElo "1819"]
[PlyCount "148"]
[EventDate "2021.02.20"]
[EventType "swiss (rapid)"]
[EventRounds "6"]
[EventCountry "CAN"]

1. d4 Nf6 2. Bf4 c6 3. Nf3 Qb6 4. Nbd2 d6 5. h3 g6 6. e4 Bg7 7. Bd3 Nh5 8. Nc4
Qd8 9. Bh2 Nd7 10. e5 d5 11. Ne3 Bh6 12. Ng4 Bf8 13. e6 fxe6 14. Ng5 Ndf6 15.
Ne5 Qa5+ 16. c3 Bd7 17. Ngf7 Rg8 18. g4 Ng7 19. Nh6 O-O-O 20. Nxg8 Nxg8 21. Qf3
Nh6 22. Qf4 g5 23. Qxg5 Ne8 24. Qf4 Nd6 25. O-O Bg7 26. g5 Nhf5 27. Bxf5 Nxf5
28. Nf7 e5 29. dxe5 e6 30. Nxd8 Qxd8 31. c4 Bf8 32. cxd5 cxd5 33. Rfd1 Bc6 34.
Rac1 d4 35. f3 Qd5 36. Qe4 Qd7 37. Kf2 Kb8 38. Qf4 Qd5 39. b3 Bc5 40. Rd3 Bb5
41. Rcd1 Bxd3 42. Rxd3 Bb6 43. h4 Qc5 44. h5 Ne3 45. Rd2 d3 46. b4 Qc8 47. Kg3
Nf5+ 48. Kh3 Be3 49. Qe4 Bxd2 50. Qxd3 Bxg5 51. Bg1 Qc6 52. b5 Qd5 53. Qxd5
exd5 54. Kg4 Be3 55. Kxf5 Bxg1 56. e6 Bc5 57. Ke5 d4 58. Kd5 b6 59. Ke4 Kc7 60.
f4 Kd6 61. f5 h6 62. a3 Ke7 63. a4 Kf6 64. Kd5 d3 65. a5 d2 66. a6 d1=Q+ 67.
Kc6 Qd6+ 68. Kb7 Qe7+ 69. Ka8 Qd8+ 70. Kxa7 Kxf5 71. Kb7 Kxe6 72. a7 Qd5+ 73.
Ka6 Ke7 74. a8=Q Qxa8# 0-1

[Event "British Columbia op Online"]
[Site "chess.com"]
[Date "2021.02.21"]
[Round "6.2"]
[White "King, Harvey"]
[Black "Qin, Kaiqi"]
[Result "1-0"]
[WhiteElo "2133"]
[BlackElo "1388"]
[PlyCount "53"]
[EventDate "2021.02.20"]
[EventType "swiss (rapid)"]
[EventRounds "6"]
[EventCountry "CAN"]

1. e4 c5 2. Nf3 d6 3. d4 cxd4 4. Nxd4 Nf6 5. Nc3 a6 6. Be3 b5 7. f3 Bb7 8. Qd2
Nc6 9. O-O-O Qc7 10. Kb1 Rc8 11. g4 h6 12. h4 e6 13. Bg2 Ne5 14. g5 Nc4 15. Qc1
Nxe3 16. Qxe3 hxg5 17. hxg5 Rxh1 18. Rxh1 Nd7 19. a3 Ne5 20. Bf1 d5 21. exd5
Bxd5 22. Nxd5 exd5 23. f4 Bc5 24. Rh8+ Kd7 25. Bh3+ Kd6 26. fxe5+ Ke7 27. Rxc8
1-0

[Event "British Columbia op Online"]
[Site "chess.com"]
[Date "2021.02.21"]
[Round "6.3"]
[White "Soliven, Joe"]
[Black "Waite, Taylor"]
[Result "1-0"]
[WhiteElo "1849"]
[BlackElo "1357"]
[PlyCount "85"]
[EventDate "2021.02.20"]
[EventType "swiss (rapid)"]
[EventRounds "6"]
[EventCountry "CAN"]

1. e4 c5 2. Ne2 d6 3. g3 g6 4. Bg2 Bg7 5. c3 Nf6 6. d4 O-O 7. O-O e5 8. Na3 Bd7
9. Bg5 cxd4 10. cxd4 Na6 11. d5 h6 12. Bd2 Rc8 13. Rc1 Nc5 14. Nc3 Nd3 15. Rb1
Qb6 16. Qe2 Nc5 17. Be3 Qa6 18. Qd2 Ng4 19. Rfd1 Nxe3 20. Qxe3 b5 21. Bf1 Rb8
22. Qe2 b4 23. Qxa6 Nxa6 24. Bxa6 bxa3 25. bxa3 h5 26. Rb3 Bf6 27. Rdb1 Rxb3
28. Rxb3 h4 29. Rb7 Rc8 30. Ne2 Be8 31. Rxa7 Rb8 32. Bb7 h3 33. Ra8 Rxb7 34.
Rxe8+ Kg7 35. Rc8 Rb1+ 36. Rc1 Rxc1+ 37. Nxc1 Bd8 38. Nd3 f5 39. f3 Kf7 40. Kf1
fxe4 41. fxe4 Ke8 42. Nf2 Kd7 43. Nxh3 1-0

[Event "British Columbia op Online"]
[Site "chess.com"]
[Date "2021.02.21"]
[Round "6.4"]
[White "Hanrahan, Nigel"]
[Black "Kagaoan, Jose"]
[Result "1-0"]
[WhiteElo "1606"]
[BlackElo "1823"]
[PlyCount "97"]
[EventDate "2021.02.20"]
[EventType "swiss (rapid)"]
[EventRounds "6"]
[EventCountry "CAN"]

1. c4 e5 2. g3 Nf6 3. Bg2 Nc6 4. Nc3 Bb4 5. Nd5 O-O 6. Nxb4 Nxb4 7. a3 Nc6 8.
b4 d6 9. d3 h6 10. e3 Rb8 11. Ne2 Be6 12. O-O Qd7 13. b5 Ne7 14. e4 Bh3 15. a4
Bxg2 16. Kxg2 c6 17. f4 Ng6 18. f5 Ne7 19. Ng1 d5 20. Qe2 dxe4 21. dxe4 Qd4 22.
Ba3 Rfe8 23. Nf3 Qxe4 24. Qxe4 Nxe4 25. Rae1 Nf6 26. Rxe5 Ng4 27. Rxe7 Rxe7 28.
Bxe7 Ne3+ 29. Kf2 Nxf1 30. Kxf1 Re8 31. Bd6 Re4 32. Nd2 Rd4 33. Bf4 Rd3 34. Ne4
cxb5 35. axb5 Rd4 36. Nd6 b6 37. Ke2 f6 38. Ke3 Rd1 39. Ke4 h5 40. h4 Kf8 41.
Nc8 Rd7 42. Bd6+ Ke8 43. Kd5 Kd8 44. Ne7 Rb7 45. Kc6 Rd7 46. Nd5 Kc8 47. Bc7
Rf7 48. c5 bxc5 49. b6 1-0

[Event "British Columbia op Online"]
[Site "chess.com"]
[Date "2021.02.21"]
[Round "6.5"]
[White "Gelinas, Justin"]
[Black "Haines, Duncan"]
[Result "1-0"]
[WhiteElo "1419"]
[BlackElo "1724"]
[PlyCount "75"]
[EventDate "2021.02.20"]
[EventType "swiss (rapid)"]
[EventRounds "6"]
[EventCountry "CAN"]

1. c4 c5 2. Nf3 Nc6 3. d4 cxd4 4. Nxd4 Nf6 5. Nc3 g6 6. e4 d6 7. Be2 Nxd4 8.
Qxd4 Bg7 9. O-O O-O 10. Qe3 Be6 11. h3 Qc8 12. Nd5 Re8 13. Bd2 Nd7 14. Qb3 Nc5
15. Qc2 f5 16. exf5 Bxf5 17. Qc1 Nd3 18. Bxd3 Bxd3 19. Re1 e6 20. Bc3 exd5 21.
Rxe8+ Qxe8 22. Bxg7 Kxg7 23. Qc3+ Qe5 24. Qxd3 Rc8 25. Qb3 Rxc4 26. Qxb7+ Kh6
27. Qxa7 Qxb2 28. Qe3+ Kg7 29. Rd1 Re4 30. Qa7+ Kh6 31. Rxd5 Qc1+ 32. Kh2 Qf4+
33. g3 Qf3 34. g4 Rxg4 35. hxg4 Qxd5 36. a4 Qe5+ 37. Kh3 Qc3+ 38. Qe3+ 1-0

[Event "British Columbia op Online"]
[Site "chess.com"]
[Date "2021.02.21"]
[Round "6.6"]
[White "Imoo, Joshua"]
[Black "Jaspal, Harleen Singh"]
[Result "0-1"]
[WhiteElo "1712"]
[BlackElo "1512"]
[PlyCount "152"]
[EventDate "2021.02.20"]
[EventType "swiss (rapid)"]
[EventRounds "6"]
[EventCountry "CAN"]

1. e4 e5 2. Nf3 Nc6 3. Bc4 Bc5 4. d3 d6 5. c3 Qf6 6. O-O Nge7 7. Nbd2 O-O 8.
Re1 Bb6 9. Nf1 h6 10. Ng3 Na5 11. Bb5 Bg4 12. Ba4 Ng6 13. h3 Bxf3 14. Qxf3 Qxf3
15. gxf3 Nc6 16. Nf5 Kh7 17. h4 Nge7 18. Bxc6 Nxc6 19. f4 g6 20. Ng3 Rg8 21.
Kf1 f5 22. exf5 gxf5 23. fxe5 dxe5 24. Nxf5 Raf8 25. Ne3 Rf4 26. h5 Rgf8 27.
Re2 Rh4 28. Nc4 Rg8 29. Ke1 Rh1+ 30. Kd2 Rxh5 31. Nxb6 axb6 32. Re1 Ne7 33. Kc2
Rg2 34. Be3 Nf5 35. Kb3 Rhh2 36. Rab1 h5 37. Rg1 Kg6 38. Rxg2+ Rxg2 39. Rh1 h4
40. Bd2 Rxf2 41. Be1 Rf4 42. Rh3 Kh5 43. Bd2 Rf2 44. Be1 Re2 45. Bxh4 Nxh4 46.
Rg3 Rg2 47. Re3 Rg5 48. Re4 Ng6 49. d4 Rg4 50. Rxg4 Kxg4 51. dxe5 Nxe5 52. c4
Kf4 53. Kc3 Ke4 54. b4 Nd7 55. a4 Ke3 56. a5 bxa5 57. bxa5 Ke4 58. Kb4 Kd4 59.
Kb5 c6+ 60. Kb4 Nc5 61. a6 Nxa6+ 62. Kb3 Kc5 63. Kc3 Nc7 64. Kb3 Ne8 65. Kc3
Nd6 66. Kb3 Nxc4 67. Ka4 b5+ 68. Kb3 Nb6 69. Kb2 b4 70. Kb1 Kc4 71. Kb2 b3 72.
Kb1 Kc3 73. Ka1 b2+ 74. Kb1 Nd5 75. Ka2 Kc2 76. Ka3 b1=Q 0-1

[Event "British Columbia op Online"]
[Site "chess.com"]
[Date "2021.02.21"]
[Round "6.7"]
[White "Martin, Andrew"]
[Black "Pitre, Hanniegn"]
[Result "0-1"]
[WhiteElo "1495"]
[BlackElo "1778"]
[PlyCount "68"]
[EventDate "2021.02.20"]
[EventType "swiss (rapid)"]
[EventRounds "6"]
[EventCountry "CAN"]

1. e4 d5 2. exd5 Nf6 3. Nf3 Bg4 4. Be2 Qxd5 5. O-O Nc6 6. d3 O-O-O 7. a3 e6 8.
b4 h5 9. c4 Qf5 10. Qa4 Kb8 11. Be3 Bxf3 12. Bxf3 Nd4 13. Be4 Nxe4 14. Bxd4 Bd6
15. Bxa7+ Kc8 16. dxe4 Qe5 17. f4 Qxa1 18. Nd2 Qc3 19. Nb1 Qxc4 20. e5 Be7 21.
Be3 Qa6 22. Qc2 Qd3 23. Qc1 Rd5 24. Nc3 Rd7 25. Rf3 Rhd8 26. Bc5 Bxc5+ 27. bxc5
Qd4+ 28. Kf1 Qxc5 29. Qb2 Qc4+ 30. Kg1 Rd3 31. Rf1 Rxc3 32. h3 Rc2 33. Qb1 Rdd2
34. Kh1 Rxg2 0-1

[Event "British Columbia op Online"]
[Site "chess.com"]
[Date "2021.02.21"]
[Round "6.8"]
[White "He, Matthew"]
[Black "Gao, Justin"]
[Result "1/2-1/2"]
[WhiteElo "1672"]
[BlackElo "1486"]
[PlyCount "94"]
[EventDate "2021.02.20"]
[EventType "swiss (rapid)"]
[EventRounds "6"]
[EventCountry "CAN"]

1. d4 d5 2. c4 e6 3. Nf3 Nf6 4. g3 Nc6 5. b3 b6 6. Bg2 Bb7 7. O-O Bd6 8. Bb2
O-O 9. Nbd2 Re8 10. Ne5 Bxe5 11. dxe5 Ng4 12. Nf3 f6 13. exf6 Nxf6 14. Ne5 Qd6
15. Nxc6 Bxc6 16. f4 Bb7 17. Qd3 Rad8 18. Rfd1 Ba6 19. Bxf6 gxf6 20. Qd4 dxc4
21. Qxf6 Qe7 22. Qxe7 Rxd1+ 23. Rxd1 Rxe7 24. bxc4 Bxc4 25. Rd2 c5 26. e4 Kf7
27. Bf1 Bxf1 28. Kxf1 c4 29. Rc2 b5 30. Ke2 Rd7 31. Rc3 Kf6 32. e5+ Kf5 33. a4
a6 34. axb5 axb5 35. Kf3 h5 36. h3 Rg7 37. Rc2 Rg8 38. Rb2 Rb8 39. g4+ hxg4+
40. hxg4+ Kg6 41. Rc2 Rc8 42. Ke4 c3 43. Kd3 b4 44. Rc1 Rc7 45. Rc2 Rc8 46. Rc1
Rc7 47. Rc2 Rc8 1/2-1/2

[Event "British Columbia op Online"]
[Site "chess.com"]
[Date "2021.02.21"]
[Round "6.9"]
[White "Zheng, Yawen"]
[Black "Yang, Jingyun (Ryan)"]
[Result "1-0"]
[WhiteElo "1386"]
[BlackElo "1564"]
[PlyCount "133"]
[EventDate "2021.02.20"]
[EventType "swiss (rapid)"]
[EventRounds "6"]
[EventCountry "CAN"]

1. c4 e5 2. g3 Nf6 3. Bg2 c6 4. Nc3 d5 5. cxd5 cxd5 6. d3 Nc6 7. Nf3 Bb4 8. a3
Ba5 9. O-O O-O 10. Bg5 h6 11. Bxf6 gxf6 12. Qc1 Kh7 13. Nh4 Ne7 14. e4 d4 15.
Nd5 Nxd5 16. exd5 f5 17. f4 e4 18. dxe4 fxe4 19. Bxe4+ f5 20. Bg2 Bd7 21. Qd1
Rc8 22. Kh1 Bb6 23. Nf3 Bb5 24. Re1 Qf6 25. Re6 Qg7 26. d6 Rfe8 27. Qe1 Qd7 28.
Re7+ Rxe7 29. Qxe7+ Qxe7 30. dxe7 Re8 31. Re1 d3 32. b4 Bf2 33. Re5 Bc4 34. Nd2
b5 35. Bc6 Bf7 36. Bxe8 Bxe8 37. Kg2 Bd4 38. Rxf5 Be3 39. Rf8 Bc6+ 40. Kf1 Bxd2
41. e8=Q Bxe8 42. Rxe8 Bc1 43. Rd8 d2 44. Ke2 Bxa3 45. Kxd2 Bxb4+ 46. Kc2 Bc5
47. f5 Kg7 48. g4 b4 49. Rd5 Bg1 50. h3 Kf6 51. Rd6+ Kg5 52. Kb3 a5 53. Ra6 Bd4
54. Rxa5 Kh4 55. Ra6 Bg7 56. Kxb4 Kxh3 57. Rg6 Bf8+ 58. Kc4 Kg3 59. Kd5 Kf4 60.
Ke6 Ke4 61. f6 Kf4 62. f7 Ba3 63. Rxh6 Kxg4 64. Rh8 Kf4 65. f8=Q+ Bxf8 66.
Rxf8+ Ke4 67. Rh8 1-0

[Event "British Columbia op Online"]
[Site "chess.com"]
[Date "2021.02.21"]
[Round "6.10"]
[White "Guliyev, Nadir"]
[Black "Zhang, Raymond Tangning"]
[Result "0-1"]
[WhiteElo "1538"]
[BlackElo "1420"]
[PlyCount "66"]
[EventDate "2021.02.20"]
[EventType "swiss (rapid)"]
[EventRounds "6"]
[EventCountry "CAN"]

1. c4 e5 2. Nc3 Nf6 3. e3 Be7 4. Nf3 d6 5. Be2 O-O 6. O-O Bg4 7. h3 Bh5 8. d4
exd4 9. exd4 d5 10. c5 b6 11. b4 a5 12. Ba3 axb4 13. Bxb4 Na6 14. Bxa6 Rxa6 15.
Qd3 Ra8 16. Ne5 Bg6 17. Qd2 Ne4 18. Nxe4 Bxe4 19. Nc6 Bg5 20. f4 Qe8 21. fxg5
Qxc6 22. cxb6 Rfb8 23. Qf4 Qg6 24. Qxc7 Rxb6 25. a3 h6 26. Rf2 Rxb4 27. Raf1
Rxd4 28. Rxf7 Qxg5 29. R7f2 Rxa3 30. Rf8+ Kh7 31. R1f2 Rd1+ 32. Kh2 Rxh3+ 33.
Kxh3 Rh1+ 0-1

[Event "British Columbia-Washington m"]
[Site "chess.com"]
[Date "2021.01.16"]
[Round "1.1"]
[White "Moroney, Timothy"]
[Black "Le, Quang Long"]
[Result "0-1"]
[WhiteElo "2048"]
[BlackElo "2420"]
[PlyCount "80"]
[EventDate "2021.01.16"]
[EventType "team (rapid)"]
[EventRounds "5"]
[EventCountry "CAN"]

1. e4 c6 2. Nf3 d5 3. Nc3 Bg4 4. h3 Bxf3 5. Qxf3 e6 6. exd5 cxd5 7. d4 Nc6 8.
Ne2 Nf6 9. c3 Qa5 10. Bf4 b5 11. Qd3 Be7 12. Nc1 a6 13. Be2 O-O 14. O-O b4 15.
Nb3 Qb6 16. Rfc1 Rfc8 17. c4 dxc4 18. Rxc4 Nd5 19. Be3 Rd8 20. Rac1 Na7 21. Bf3
Qb5 22. Qe4 Nc8 23. Qg4 Ncb6 24. R4c2 Nf6 25. Qg3 Nbd5 26. Nc5 Bd6 27. Qh4 h6
28. Ne4 Be7 29. Nxf6+ Bxf6 30. Qe4 Qa5 31. Rc6 Nxe3 32. fxe3 Qxa2 33. Rd6 Qxb2
34. Rc7 b3 35. Qb7 Rxd6 36. Qxa8+ Rd8 37. Qxa6 Bh4 38. Qb7 Qf2+ 39. Kh1 Qe1+
40. Kh2 Bg3# 0-1

[Event "British Columbia-Washington m"]
[Site "chess.com"]
[Date "2021.01.16"]
[Round "1.3"]
[White "Vijayakumar, Advaith"]
[Black "Mackinnon, Keith"]
[Result "0-1"]
[WhiteElo "2026"]
[BlackElo "2268"]
[PlyCount "164"]
[EventDate "2021.01.16"]
[EventType "team (rapid)"]
[EventRounds "5"]
[EventCountry "CAN"]

1. d4 Nf6 2. c4 e6 3. Nc3 Bb4 4. e3 O-O 5. Bd2 c5 6. Nf3 cxd4 7. exd4 d5 8. a3
Be7 9. Bd3 dxc4 10. Bxc4 Nc6 11. Bf4 Nd5 12. Nxd5 exd5 13. Be2 Bf5 14. O-O Rc8
15. Rc1 Qb6 16. Qd2 Na5 17. Rxc8 Rxc8 18. Rc1 Nc4 19. Bxc4 dxc4 20. Qe2 Qe6 21.
Qxe6 Bxe6 22. Nd2 b5 23. Ne4 Rd8 24. Be3 a5 25. f3 f5 26. Nc3 b4 27. axb4 axb4
28. Ne2 Ra8 29. Nf4 Bg5 30. d5 Bxf4 31. Bxf4 Bxd5 32. Rd1 Be6 33. Be5 Ra5 34.
f4 Bd5 35. Kf2 Kf7 36. Ke3 g6 37. g3 Ke6 38. Rd2 Ra1 39. Kd4 Ra5 40. Ke3 Ra2
41. Re2 c3 42. bxc3 b3 43. Rxa2 bxa2 44. c4 Bxc4 45. Ba1 Kd5 46. Bb2 Bf1 47.
Ba1 Kc4 48. Kd2 Kb3 49. Kc1 Bh3 50. Kd2 Bg4 51. Be5 Kc4 52. Ke3 Bh3 53. Bf6 Bg2
54. Be5 Bd5 55. Bf6 h6 56. Bg7 Bf7 57. Kd2 Kd5 58. Ke3 Be8 59. Bh8 Bb5 60. Bg7
Ke6 61. Kd2 Kf7 62. Bc3 g5 63. Ke3 Kg6 64. Be5 Kh5 65. Kf3 Bc6+ 66. Kf2 Kg4 67.
fxg5 hxg5 68. Bf6 Bd5 69. Be5 Kh3 70. Kg1 Be4 71. Bf6 Kg4 72. Kf2 f4 73. gxf4
gxf4 74. Ba1 Bd5 75. Bd4 Bf7 76. Bb2 Kf5 77. Ke2 Ke4 78. Ba1 Bh5+ 79. Kd2 Kf3
80. Kc2 Ke3 81. Bc3 a1=Q 82. Bxa1 f3 0-1

[Event "British Columbia-Washington m"]
[Site "chess.com"]
[Date "2021.01.16"]
[Round "1.4"]
[White "Kenney, Jason"]
[Black "Goktepe, Derin"]
[Result "1-0"]
[WhiteElo "2255"]
[BlackElo "1957"]
[PlyCount "89"]
[EventDate "2021.01.16"]
[EventType "team (rapid)"]
[EventRounds "5"]
[EventCountry "CAN"]

1. d4 Nf6 2. c4 e6 3. Nc3 Bb4 4. e3 O-O 5. Bd3 b6 6. Nge2 Bb7 7. O-O d5 8. cxd5
exd5 9. Ng3 Re8 10. f3 c5 11. a3 cxd4 12. axb4 dxc3 13. bxc3 Nbd7 14. Rf2 Ne5
15. Bb5 Re7 16. Rfa2 Bc6 17. Bf1 Rc7 18. Qd4 Qe7 19. b5 Be8 20. e4 dxe4 21. Bf4
Rc5 22. Nxe4 Nxe4 23. Qxe4 Rac8 24. Rxa7 Qe6 25. Re1 f6 26. Bxe5 fxe5 27. c4
Bg6 28. Qh4 Qd6 29. Qe7 Qd4+ 30. Kh1 e4 31. fxe4 Rf8 32. h3 Qe5 33. Qxe5 Rxe5
34. Kg1 Rxe4 35. Rxe4 Bxe4 36. Re7 Bc2 37. c5 bxc5 38. Bc4+ Kh8 39. b6 h6 40.
b7 Kh7 41. Rc7 Bf5 42. Rxc5 Rb8 43. Bd5 Bd7 44. Rc7 Bf5 45. g4 1-0

[Event "British Columbia-Washington m"]
[Site "chess.com"]
[Date "2021.01.16"]
[Round "1.5"]
[White "Min, Ryan"]
[Black "Huang, Patrick"]
[Result "0-1"]
[WhiteElo "1915"]
[BlackElo "2247"]
[PlyCount "58"]
[EventDate "2021.01.16"]
[EventType "team (rapid)"]
[EventRounds "5"]
[EventCountry "CAN"]

1. d4 Nf6 2. c4 e6 3. Nc3 Bb4 4. e3 O-O 5. Bd3 d5 6. Nge2 dxc4 7. Bxc4 c5 8.
O-O Nc6 9. a3 Bxc3 10. bxc3 Qc7 11. f3 Rd8 12. Bd3 e5 13. Bb2 Be6 14. Qe1 cxd4
15. cxd4 Qb6 16. Rb1 Ba2 17. Qh4 Bxb1 18. Rxb1 h6 19. Ng3 Qb3 20. Bf5 Qxe3+ 21.
Kf1 Nxd4 22. Re1 Nxf5 23. Nxf5 Qd3+ 24. Kg1 Qxf5 25. Bxe5 Rd2 26. Qg3 Qg5 27.
Qh3 Re8 28. Bg3 Rxe1+ 29. Bxe1 Qe3+ 0-1

[Event "British Columbia-Washington m"]
[Site "chess.com"]
[Date "2021.01.16"]
[Round "1.6"]
[White "Hemstapat, Andrew"]
[Black "Velea, Sophie"]
[Result "1-0"]
[WhiteElo "2245"]
[BlackElo "1790"]
[PlyCount "75"]
[EventDate "2021.01.16"]
[EventType "team (rapid)"]
[EventRounds "5"]
[EventCountry "CAN"]

1. e4 c5 2. Nf3 d6 3. d4 cxd4 4. Nxd4 Nf6 5. Nc3 g6 6. f4 Nbd7 7. Be2 Bg7 8.
Nb3 O-O 9. Be3 b6 10. Bf3 Rb8 11. Qe2 Bb7 12. O-O-O Qc8 13. g4 Nc5 14. Qg2 a5
15. Nd4 Nfd7 16. h4 b5 17. Nd5 Bxd5 18. exd5 Re8 19. Nc6 Rb7 20. h5 b4 21. hxg6
fxg6 22. g5 a4 23. Bg4 b3 24. cxb3 axb3 25. a3 Qa8 26. Bd4 Qa4 27. Rh3 Nf8 28.
Kb1 Ra8 29. Bxg7 Kxg7 30. Rd4 Qa6 31. Re3 Re8 32. Qh1 Rc7 33. f5 Qb7 34. f6+
Kg8 35. Rb4 Qa8 36. Nxe7+ Kh8 37. Qh6 Ncd7 38. Qg7# 1-0

[Event "British Columbia-Washington m"]
[Site "chess.com"]
[Date "2021.01.16"]
[Round "1.7"]
[White "Seshadri, Sridhar"]
[Black "Pham, Bich Ngoc"]
[Result "0-1"]
[WhiteElo "1626"]
[BlackElo "2235"]
[PlyCount "136"]
[EventDate "2021.01.16"]
[EventType "team (rapid)"]
[EventRounds "5"]
[EventCountry "CAN"]

1. c4 e5 2. e4 Nc6 3. Nf3 g6 4. d4 exd4 5. Nxd4 Bg7 6. Nxc6 bxc6 7. Nc3 Nh6 8.
Be2 O-O 9. O-O d6 10. Be3 f5 11. Qd2 Nf7 12. exf5 Bxf5 13. Rac1 Qd7 14. Bd4 Ne5
15. f4 Ng4 16. Bxg7 Qxg7 17. h3 Nf6 18. Bf3 Bd7 19. Qd4 c5 20. Bd5+ Kh8 21. Qd2
Rae8 22. Bf3 Be6 23. b3 Ng8 24. Bd5 Nh6 25. Rce1 Bd7 26. Rxe8 Rxe8 27. Re1
Rxe1+ 28. Qxe1 Qd4+ 29. Kh1 Nf5 30. Ne2 Qf6 31. Qc3 Nd4 32. Qd2 c6 33. Be4 Nxe2
34. Qxe2 Qxf4 35. Bf3 Qe5 36. Qd2 Qe7 37. Qc3+ Kg8 38. Qa5 Be8 39. Qa6 Qc7 40.
Bg4 Bd7 41. Bf3 Qb6 42. Qa3 Kf7 43. Qc1 Qd8 44. Qd2 Be8 45. b4 cxb4 46. Qxb4 a5
47. Qb7+ Qe7 48. Qa8 Qe1+ 49. Kh2 Qe5+ 50. Kh1 Qa1+ 51. Kh2 Qxa2 52. Qa7+ Kf8
53. Qxh7 Qxc4 54. Qh6+ Kg8 55. Qd2 Qc5 56. Kh1 Bf7 57. Qb2 a4 58. Qb8+ Kg7 59.
Qb2+ Kf8 60. Qb8+ Be8 61. Qd8 a3 62. Qf6+ Bf7 63. Qh8+ Ke7 64. Qh4+ g5 65. Qe4+
Kf8 66. Qb1 a2 67. Qb8+ Kg7 68. Qb2+ Qe5 0-1

[Event "British Columbia-Washington m"]
[Site "chess.com"]
[Date "2021.01.16"]
[Round "1.8"]
[White "Mahajan, Rushaan"]
[Black "Morgan, Scott"]
[Result "1-0"]
[WhiteElo "2209"]
[BlackElo "2068"]
[PlyCount "53"]
[EventDate "2021.01.16"]
[EventType "team (rapid)"]
[EventRounds "5"]
[EventCountry "CAN"]

1. Nf3 d5 2. g3 c5 3. Bg2 Nc6 4. d4 Nf6 5. O-O cxd4 6. Nxd4 e5 7. Nxc6 bxc6 8.
c4 Be7 9. Bg5 Bb7 10. cxd5 Nxd5 11. Bxe7 Qxe7 12. Qc2 O-O 13. Nc3 Rac8 14. Rac1
Nxc3 15. Qxc3 c5 16. Bxb7 Qxb7 17. b3 f6 18. Rfd1 Rf7 19. Qc4 Kf8 20. Qe6 g6
21. Rc2 Kg7 22. Rcd2 Rc6 23. Qe8 Qc8 24. Rd8 Qe6 25. Qg8+ Kh6 26. Re8 Re7 27.
Qf8+ 1-0

[Event "British Columbia-Washington m"]
[Site "chess.com"]
[Date "2021.01.16"]
[Round "1.9"]
[White "Brown, Gabriel"]
[Black "Levine, Joseph"]
[Result "0-1"]
[WhiteElo "2048"]
[BlackElo "2179"]
[PlyCount "74"]
[EventDate "2021.01.16"]
[EventType "team (rapid)"]
[EventRounds "5"]
[EventCountry "CAN"]

1. c4 e6 2. g3 d5 3. Bg2 Nf6 4. d4 Be7 5. Nf3 O-O 6. O-O Nbd7 7. Qc2 c6 8. Nbd2
b6 9. e4 dxe4 10. Nxe4 Bb7 11. Rd1 Nxe4 12. Qxe4 Bf6 13. Bf4 Qe7 14. h4 h6 15.
Rab1 a5 16. Ne5 Rac8 17. Nxd7 Qxd7 18. c5 Ba6 19. b3 Qa7 20. Rbc1 Rfd8 21. Be3
b5 22. Qg4 Kh8 23. Qh5 Kg8 24. g4 b4 25. g5 hxg5 26. Bxg5 Rxd4 27. Bxf6 Rxd1+
28. Rxd1 gxf6 29. Be4 Kf8 30. Kh1 Ke7 31. Rd6 Qb7 32. Qf3 Bb5 33. h5 Rh8 34.
Bxc6 Bxc6 35. Rxc6 Rxh5+ 36. Kg1 Rd5 37. Rb6 Rg5+ 0-1

[Event "British Columbia-Washington m"]
[Site "chess.com"]
[Date "2021.01.16"]
[Round "1.10"]
[White "Zhu, Brandon"]
[Black "Ramkumar, Aditya"]
[Result "0-1"]
[WhiteElo "2176"]
[BlackElo "1452"]
[PlyCount "114"]
[EventDate "2021.01.16"]
[EventType "team (rapid)"]
[EventRounds "5"]
[EventCountry "CAN"]

1. d4 Nf6 2. c4 g6 3. g3 Bg7 4. Bg2 d6 5. Nc3 O-O 6. Nf3 Nbd7 7. O-O a5 8. e4
c5 9. d5 Ng4 10. Qc2 Nge5 11. Nd2 Nb6 12. Nb5 Bd7 13. a4 f5 14. f4 Ng4 15. Re1
Bxb5 16. cxb5 Bd4+ 17. Kh1 Nf2+ 18. Kg1 Nd3+ 19. Kf1 Nxe1 20. Kxe1 fxe4 21.
Qxe4 Qd7 22. Nf3 Bf6 23. Ng1 Rae8 24. Bh3 Qc7 25. Nf3 c4 26. Be3 c3 27. Bd4
cxb2 28. Rb1 Nxa4 29. Be6+ Kg7 30. Bxf6+ exf6 31. Qxa4 Qc1+ 32. Qd1 Qe3+ 33.
Kf1 Qc3 34. Kg2 a4 35. Qxa4 Ra8 36. Qd1 Ra1 37. Nd2 Qc1 38. Bg4 Rxb1 39. Nxb1
Qxd1 40. Bxd1 Rc8 41. Be2 Rc1 42. Bd3 Rd1 43. Bc2 Rc1 44. Bd3 Rd1 45. Bc2 Rxd5
46. Kf2 Rxb5 47. Ke2 f5 48. Kd2 Kf6 49. Bd3 Rb6 50. Kc2 g5 51. Na3 gxf4 52.
gxf4 Rb4 53. h3 Rxf4 54. Kxb2 Rf3 55. Kc3 Rxh3 56. Kd4 f4 57. Nc4 Ke7 0-1

[Event "British Columbia-Washington m"]
[Site "chess.com"]
[Date "2021.01.16"]
[Round "1.11"]
[White "Tian, Shi Yuan (Sherry)"]
[Black "Shubin, Daniel"]
[Result "0-1"]
[WhiteElo "2045"]
[BlackElo "2161"]
[PlyCount "96"]
[EventDate "2021.01.16"]
[EventType "team (rapid)"]
[EventRounds "5"]
[EventCountry "CAN"]

1. d4 d5 2. Nf3 Nf6 3. c4 e6 4. Nc3 c6 5. Bg5 Nbd7 6. e3 Qa5 7. Bxf6 Nxf6 8.
Bd3 Bb4 9. Qc2 dxc4 10. Bxc4 b5 11. Be2 Nd5 12. O-O Bxc3 13. bxc3 Qxc3 14. Qxc3
Nxc3 15. Bd3 Bb7 16. Rfc1 b4 17. Nd2 a5 18. Ne4 Ba6 19. Bxa6 Rxa6 20. Nxc3 bxc3
21. Rxc3 Ke7 22. Rb1 Rd8 23. Rc5 Rd5 24. g3 a4 25. Rb7+ Rd7 26. Rb4 Kd6 27. a3
Rda7 28. e4 f6 29. f4 h6 30. Kg2 g5 31. e5+ fxe5 32. fxe5+ Kc7 33. Kf3 h5 34.
Ke3 Rb6 35. Rcc4 Ra5 36. Kd3 Rxb4 37. axb4 Rd5 38. Rc3 Kb6 39. Kc4 Rd8 40. Rf3
Ra8 41. Kc3 a3 42. Rf1 a2 43. Ra1 Kb5 44. Kb3 Ra4 45. Kc3 Ra3+ 46. Kb2 Kxb4 47.
Rxa2 Rxa2+ 48. Kxa2 Kc4 0-1